| 000 | 00658nam a2200217 i 4500 | ||
|---|---|---|---|
| 001 | 139722 | ||
| 003 | ES-MaACL | ||
| 005 | 20230906195903.0 | ||
| 007 | t| | ||
| 008 | 070214s1968 sp r ||||1| spa d | ||
| 100 | 1 |
_aSchillebeekx, Edward. _9187142 |
|
| 245 | 1 | 0 |
_aRevelación y teología / _cEdward Schillebeekx ; [tradujo Alfonso Ortiz García]. |
| 260 |
_aSalamanca : _bSígueme, _c1968. |
||
| 300 |
_a446 p. ; _c19 cm. |
||
| 490 | 1 |
_aVerdad e Imagen ; _v1 |
|
| 650 | 0 | 4 |
_aRevelación. _916895 |
| 700 | 1 |
_aOrtiz García, Alfonso. _987618 |
|
| 830 | 0 |
_aVerdad e Imagen ; _v1 _9182105 |
|
| 852 |
_aES-MaACL _jC-51535 _bR.67149 |
||
| 999 |
_c139722 _d139722 |
||